<?xml version="1.0" encoding="UTF-8"?>
<collection xmlns="http://www.loc.gov/MARC21/slim">
 <record>
  <leader>00595pamaa2200157   4500</leader>
  <controlfield tag="001">0000033917</controlfield>
  <controlfield tag="005">20060605090000.0</controlfield>
  <datafield tag="020" ind1="0" ind2="0">
   <subfield code="a">0849309557 </subfield>
  </datafield>
  <datafield tag="082" ind1=" " ind2=" ">
   <subfield code="a">363.25 CYB</subfield>
  </datafield>
  <datafield tag="090" ind1="0" ind2="0">
   <subfield code="a">HV8079.C65 </subfield>
   <subfield code="b">CYB 2002</subfield>
  </datafield>
  <datafield tag="245" ind1="1" ind2="0">
   <subfield code="a">CYBER forensics : </subfield>
   <subfield code="b">a field manual for collecting, examining and preserving evidence of computer crimes  </subfield>
   <subfield code="c">editors, Albert J. Marcella and Robert S. Greenfield.</subfield>
  </datafield>
  <datafield tag="260" ind1="0" ind2="0">
   <subfield code="a">Boca Raton: </subfield>
   <subfield code="b">CRC Press, </subfield>
   <subfield code="c">2002.</subfield>
  </datafield>
  <datafield tag="300" ind1=" " ind2=" ">
   <subfield code="a">xx, 443p.: </subfield>
   <subfield code="b">ill.; </subfield>
   <subfield code="c">26cm.</subfield>
  </datafield>
  <datafield tag="650" ind1="0" ind2="0">
   <subfield code="a">Computer crimes -- </subfield>
   <subfield code="x">Investigation -- </subfield>
   <subfield code="x">Handbook,manual etc </subfield>
  </datafield>
  <datafield tag="700" ind1="1" ind2="1">
   <subfield code="a">Marcella, </subfield>
   <subfield code="h">Albert J </subfield>
  </datafield>
  <datafield tag="700" ind1="1" ind2="1">
   <subfield code="a">Greenfield, </subfield>
   <subfield code="h">Robert S </subfield>
  </datafield>
 </record>
</collection>
